EMKE közgyűlés, 1994. Kiegészítő hozzászólás
Elmentve itt :
| Szerző: | |
|---|---|
| Adatforrás: | Meister |
| Forrásdokumentuma: | Művelődés. - 9 sz., 1994, 13 p. |
| Nyelv: | magyar |
| Kulcsszavak: | intézménytörténet kulturális intézmények Erdélyi Magyar Közművelődési Egyesület (EMKE) |
| LEADER | 00463nab a2200145 i 4500 | ||
|---|---|---|---|
| 001 | bibPRO00000968 | ||
| 008 | 060524s1994 xx hun | ||
| 040 | |a Sz1 | ||
| 041 | |a hun | ||
| 100 | 1 | |a KÖTŐ József | |
| 245 | 1 | 0 | |a EMKE közgyűlés, 1994. Kiegészítő hozzászólás |c KÖTŐ József |
| 695 | |a intézménytörténet | ||
| 695 | |a kulturális intézmények | ||
| 695 | |a Erdélyi Magyar Közművelődési Egyesület (EMKE) | ||
| 773 | 0 | |t Művelődés. - |g 9 sz., 1994, 13 p. | |